|
|
|
|
| LEADER |
00000nam0a2200000 4500 |
| 001 |
125719 |
| 005 |
20231031131442.0 |
| 035 |
|
|
|a (RuTPU)RU\TPU\book\136031
|
| 090 |
|
|
|a 125719
|
| 100 |
|
|
|a 20071120d2007 k y0rusy50 ca
|
| 101 |
0 |
|
|a rus
|
| 102 |
|
|
|a RU
|
| 105 |
|
|
|a a dm 001zy
|
| 200 |
1 |
|
|a Модели компьютерных преступлений и методика образования доказательной базы при их совершении
|e автореферат диссертации на соискание ученой степени кандидата технических наук
|e спец. 05.13.19
|f И. В. Давыдов
|g Томский государственный университет систем управления и радиоэлектроники (ТУСУР); Томский научный центр СО РАН; науч. рук. А. А. Шелупанов
|
| 210 |
|
|
|a Томск
|c [Б. и.]
|d 2007
|
| 215 |
|
|
|a 22 с.
|c ил.
|
| 300 |
|
|
|a Защита сост. 8.11.2007 г.
|
| 320 |
|
|
|a Библиогр.: с. 21-22 (10 назв.).
|
| 371 |
0 |
|
|a For_staff_use
|
| 610 |
1 |
|
|a информационная защита
|
| 610 |
1 |
|
|a информационная безопасность
|
| 610 |
1 |
|
|a компьютерные преступления
|
| 610 |
1 |
|
|a киберпреступления
|
| 610 |
1 |
|
|a классификация
|
| 610 |
1 |
|
|a систематизация
|
| 610 |
1 |
|
|a моделирование
|
| 610 |
1 |
|
|a методы борьбы
|
| 610 |
1 |
|
|a расследования
|
| 610 |
1 |
|
|a рекомендации
|
| 610 |
1 |
|
|a авторефераты диссертаций
|
| 675 |
|
|
|a 681.3.067(04)
|v 3
|
| 686 |
|
|
|a Х93
|v LBC/SL-A
|2 rubbk
|
| 686 |
|
|
|a 05.13.19
|2 oksvnk
|
| 700 |
|
1 |
|a Давыдов
|b И. В.
|g Игорь Валериевич
|
| 702 |
|
1 |
|a Шелупанов
|b А. А.
|g Александр Александрович
|4 727
|
| 712 |
0 |
2 |
|a Томский государственный университет систем управления и радиоэлектроники (ТУСУР)
|c (1997 - )
|2 stltpush
|3 (RuTPU)RU\TPU\col\422
|
| 712 |
0 |
2 |
|a Российская академия наук (РАН)
|b Сибирское отделение (СО)
|b Томский научный центр (ТНЦ)
|2 stltpush
|3 (RuTPU)RU\TPU\col\1904
|
| 801 |
|
1 |
|a RU
|b 63413507
|c 20071120
|g PSBO
|
| 801 |
|
2 |
|a RU
|b 63413507
|c 20080328
|g PSBO
|
| 942 |
|
|
|c BK
|